[Event "SWE-chT2 0708"]
[Site "Sweden"]
[Date "2008.03.08"]
[Round "8"]
[White "Larsson, Per"]
[Black "Moberg, Karl Johan"]
[Result "1/2-1/2"]
[WhiteElo "2358"]
[BlackElo "2305"]
[PlyCount "53"]
[EventDate "2007.10.20"]
[EventType "team-tourn"]
[EventRounds "9"]
[EventCountry "SWE"]
[SourceTitle "EXT 2009"]
[Source "ChessBase"]
[SourceDate "2008.11.26"]
[SourceVersion "1"]
[SourceVersionDate "2008.11.26"]
[SourceQuality "1"]
[WhiteTeam "Passanten"]
[BlackTeam "Manhem II"]
[WhiteTeamCountry "SWE"]
[BlackTeamCountry "SWE"]

1. Nf3 Nf6 2. c4 g6 3. Nc3 d5 4. cxd5 Nxd5 5. Qa4+ Bd7 6. Qh4 Nxc3 7. dxc3 Nc6 8. e4 e5 9. Bg5 Be7 10. Bc4 h6 11. Bxe7 Qxe7 12. Qg3 g5 13. 0-0-0 0-0-0 14. Bd5 f6 15. h4 Nb8 16. Nh2 c6 17. Bc4 gxh4 18. Qxh4 Qg7 19. g3 Qg5+ 20. f4 Qxh4 21. gxh4 exf4 22. Rhf1 f5 23. e5 Rde8 24. Rde1 Be6 25. Bxe6+ Rxe6 26. Rxf4 Rf8 27. Nf3 1/2-1/2